| 000 | | | 05896cbc2a2200000#x 450 |
| 001 | | | ea4c10bd-5a6d-450a-b011-10ba95a407ce |
| 005 | | | 20180813103717.0 |
| 100 | ## | $a | 20150824l18241824k l0rusy0189 ca |
| 101 | 0# | $a | lat |
| | $a | rus |
| 102 | ## | $a | RU |
| 200 | 1# | $a | Дело о выдаче денежного пособия волонтеру Медико-хирургической академии в Петербурге венгерцу О. Галдинскому на переезд из Петербурга в Харьков |
| | $j | 4 июня 1824 г. |
| 251 | ## | $c | Дело |
| 300 | ## | $a | Дело на русском и латинском языках |
| 300 | ## | $a | Рукописный текст. Чернила |
| 300 | ## | $a | Оригинальный заголовок дела: Дело по записке волонтера Медико-хирургической академии Галдинского об оказании ему пособия к отправлению в Харьковский университет для окончания в оном курса медицинских наук. 4 июня 1824 г. |
| 801 | #0 | $a | RU |
| | $b | РГИА |
| | $c | 20150824 |
| 801 | #1 | $a | RU |
| | $b | ГлавНИВЦ |
| | $c | 20150824 |
| | $2 | rusmarc |
| 801 | #2 | $a | RU |
| | $b | ПБ им. Б.Н. Ельцина |
| | $c | 20151215 |
| | $g | RCR |
| | $2 | rusmarc |
| 850 | ## | $a | Федеральное казенное учреждение "Российский государственный исторический архив" (РГИА) |
| 852 | ## | $a | РГИА |
| | $j | 149 |
| 937 | ## | $h | РГИА |
| | $d | 12087950 |
| | $a | ASBIBLIO_SCAN |
| 462 | #0 | $1 | 00110dcdccd-ec79-4ee8-a204-b9d031b41c04 |
| | $1 | 2001 |
| | $a | Медицинские дела Департамента народного просвещения |
| | $v | Д. 149 |
| | $1 | 251 |
| | $c | Опись |
| | $1 | 852 |
| | $j | 99 |
| 461 | #0 | $1 | 001a74412a3-3cc5-4d21-8f0a-dfe2fbd9e72d |
| | $1 | 2001 |
| | $a | Департамент народного просвещения Министерства народного просвещения |
| | $1 | 251 |
| | $c | Фонд |
| | $1 | 852 |
| | $j | 733 |
| 215 | ## | $a | 9 листов |
| | $d | 36,5x26 см |
| 371 | ## | $a | Документ не является опубликованным и широко распространяемым |
| 517 | 1# | $a | Дело по записке волонтера Медико-хирургической академии Галдинского об оказании ему пособия к отправлению в Харьковский университет для окончания в оном курса медицинских наук |
| | $e | 4 июня 1824 г. |
| 105 | ## | $a | у### |
| 122 | 0# | $a | d18240604## |
| 035 | ## | $a | ea4c10bd-5a6d-450a-b011-10ba95a407ce |
| 601 | 02 | $a | Военно-медицинская академия им. С. М. Кирова |
| | $c | Санкт-Петербург, город |
| | $x | История |
| | $2 | prlib_sh |
| | $3 | LIBNET\UAF\0000076652 |
| | $j | Документы и материалы |
| 686 | ## | $2 | rubbk |
| | $a | 58.9 |
| | $v | LBC/M |
| 686 | ## | $a | 63.3(2)521-76 |
| | $v | LBC/M |
| | $2 | rubbk |
| 605 | ## | $2 | acquisition_Prlib |
| | $3 | LIBNET\UAF\0000074784 |
| | $a | Год добровольца (волонтера) в России |
| | $l | коллекция |
| 605 | ## | $2 | acquisition_Prlib |
| | $3 | DITM\AF\0000003834 |
| | $a | Народ |
| | $l | коллекция |
| 605 | ## | $a | Власть |
| | $l | коллекция |
| | $2 | acquisition_Prlib |
| | $3 | DITM\AF\0000002775 |
| 606 | 1# | $a | Волонтерская деятельность |
| | $2 | nlr_sh |
| | $3 | RU\NLR\AUTH\661440346 |
| | $j | Документы и материалы |